Second Most Popular Language in Every Country (with a map) - Statistics

General Stats
  • This quiz has been taken 1,711 times
    1,642 since last reset
  • The average score is 105 of 196
Answers on the Map
Answers color-coded by a green-red scale on the quiz's map according to % correct below.
 
Answer Stats
Country Language % Correct
Andorra | Belgium | Burundi | +7 others French
99%
Belize | Paraguay | United States Spanish
99%
Bahrain | Brunei | Cameroon | +29 others English
98%
Azerbaijan | Estonia | Kazakhstan | +6 others Russian
95%
Chad | Djibouti | Eritrea | +3 others Arabic
93%
Italy | Uruguay German
93%
France | Guinea-Bissau | Luxembourg | Mozambique Portuguese
91%
Guyana Hindi–Urdu
89%
Finland Swedish
84%
Germany Polish
83%
Mongolia Turkic
83%
Ireland Irish
81%
Iran (Azeri) Turkic
79%
Albania Greek
79%
Argentina | Libya | Liechtenstein Italian
77%
Sweden Danish
75%
Bosnia and Herzegovina | Croatia Serbian
74%
Austria | Bulgaria Turkish
74%
Norway (Nynorsk) Norwegian
73%
India Bengali
70%
Australia | Cambodia | North Korea | Singapore Mandarin
70%
China Cantonese
67%
Qatar Persian
64%
Belarus Belarusian
62%
Spain Catalan
62%
Slovenia Croatian
62%
Czech Republic Slovak
61%
North Macedonia Albanian
60%
Myanmar Hakha Chin
59%
Algeria Kabyle (Berber)
58%
Afghanistan Pashto
58%
Morocco Shilha (Berber)
58%
Bolivia | Ecuador | Peru Quechua
56%
Sri Lanka Tamil
55%
Romania | Serbia | Slovakia Hungarian
53%
New Zealand Maori
53%
Ethiopia Amharic
49%
Armenia | Iraq | Syria Kurdish
49%
United Kingdom Welsh
48%
Eswatini Zulu
48%
South Africa Xhosa
47%
Thailand Malay
46%
Kosovo Bosnian
43%
Georgia Azerbaijani
41%
Kyrgyzstan | Tajikistan Uzbek
41%
Russia Tatar
40%
Cuba | Dominican Republic | Haiti Haitian Creole (French Creole)
37%
Niger | Nigeria Hausa
32%
Guatemala K'iche'
31%
Montenegro Montenegrin
31%
Madagascar Malagasy
30%
Taiwan Taiwanese
29%
Netherlands Frisian
27%
Bhutan Dzongkha
22%
Fiji Fijian
22%
Pakistan Sindhi
21%
Senegal Wolof
19%
Vatican City Latin
18%
Guinea | Mauritania Pular
16%
Costa Rica Limonese Creole (English Creole)
15%
Panama Panamanian Patois English (English Creole)
15%
Bahamas Bahamian Creole (English Creole)
14%
Denmark Faroese
14%
Poland Silesian
14%
Antigua and Barbuda Antiguan Creole (English Creole)
13%
Barbados Bajan Creole (English Creole)
13%
Zambia Chewa
13%
Malawi Chichewa
13%
Democratic Republic of the Congo Lingala
13%
Saint Kitts and Nevis Saint Kitts Creole (English Creole)
13%
Saint Lucia Saint Lucian Creole (French Creole)
13%
Trinidad and Tobago Trinidadian Creole (English Creole)
13%
Saint Vincent and the Grenadines Vincentian Creole (English Creole)
13%
Zimbabwe Ndebele
12%
Togo Ewe/Gen
10%
Chile Mapudungun
10%
Mali Bambara
9%
Cape Verde Cape Verdean Creole (Portuguese Creole)
9%
São Tomé and Príncipe Forro Creole (Portuguese Creole)
8%
Burkina Faso Mooré
8%
Japan Okinawan
8%
Ghana Ewe
5%
Equatorial Guinea | Gabon Fang
5%
South Korea Jeju
4%
Mexico Mixtec
4%
Mauritius Bhojpuri
3%
Federated States of Micronesia Chuukese
3%
Benin Fon
3%
Nepal Maithili
3%
Gambia Mandinka
3%
Nicaragua Miskito
3%
Brazil Talian
3%
Angola Umbundu
3%
Jordan Kabardian
2%
Bangladesh Rangpuri
2%
Colombia | Venezuela Wayuu
2%
Ivory Coast Anyin
1%
South Sudan Bari
1%
Liberia Bassa
1%
Philippines Bikol
1%
Honduras Garifuna
1%
Kenya Luhya
1%
Kuwait Mehri
1%
Sierra Leone Mende
1%
El Salvador Nawat
1%
Uganda Nkore
1%
Greece Pontic Greek
1%
San Marino Romagnol
1%
Saudi Arabia Shehri
1%
Yemen Soqotri
1%
Republic of the Congo Teke
1%
Central African Republic Banda
0%
Solomon Islands Kwara'ae
0%
East Timor Mambai
0%
Namibia Ndonga
0%
Vanuatu Northeast Malakula
0%
Botswana Sekalanga
0%
No matching quizzes found
Score Distribution
Percent of People with Each Score
Percentile by Number Answered
Your Score History
You have not taken this quiz since the last reset